00411nam a2200157Ia 450000500170000000800410001704000190005804100120007708200130008910000210010224500560012326000350017930000110021465000180022585000100024320240806115000.0131103s9999 xx 000 0 und d aLoreto College aEnglish a822bGAL aGalsworthy, John aLoyaltiesb a drama in three acts cJohn Galsworthy aLondonbGerald Duckworthc1960 a111p.  aEnglish drama aLCBED